Tú Xương giai thoại

.

Shranjeno v:
Bibliografske podrobnosti
Glavni avtor: Tú Xương
Drugi avtorji: Đỗ Huy Vinh
Format: Knjiga
Jezik:Vietnamese
Izdano: H. Văn Hóa Dân Tộc 2001
Teme:
Oznake: Označite
Brez oznak, prvi označite!
Thư viện lưu trữ: Mạng thư viện Đại học Đà Nẵng
LEADER 01051nam a2200349 4500
001 000004611
003 750
005 20120410140454.0
008 110729s2001 viesd
020 |c 26500 
041 0 |a vie 
082 |a 895.922  |b TU-X 
100 0 |a Tú Xương 
245 0 |a Tú Xương giai thoại  |c Đỗ Huy Vinh 
260 |a H.  |b Văn Hóa Dân Tộc  |c 2001 
300 |a 270 tr.  |c 19 cm 
520 |a . 
653 |a Tú Xương 
653 |a Giai thoại 
653 |a Đỗ Huy Vinh 
700 |a Đỗ Huy Vinh 
910 |a Tăng Thị Thu Sương  |d 29/7/2011 
OWN |a LSP 
AVA |a UDN50  |b LSP  |d 895.922 TU-X  |e available  |t Error 5001 Not defined in file expand_doc_bib_avail.  |f 4  |g 0  |h N  |i 0  |k 1 
999 |a From the UDN01 
AVA |a UDN50  |b LSP  |d 895.922 TU-X  |e available  |t Error 5001 Not defined in file expand_doc_bib_avail.  |f 4  |g 0  |h N  |i 0  |k 1 
TYP |a Monograph 
TYP |a Printed language 
980 |a Mạng thư viện Đại học Đà Nẵng